000 004480000a22001690004500
003 MACL
005 20151230121314.0
008 151230b xxu||||| |||| 00| 0 eng d
040 _aMACL
_cMACL
041 _aEnglish
082 _a300/COS
100 _aCosta, Jull
_924672
245 _aIndia's socialist Princes and Garibi Hatao
260 _bKalyani Publishers
_c1973
_aLudhiana
650 _asociology Science
_917652
942 _cBK
_k300/Cos
_2ddc
999 _c36118
_d36118